书目信息 |
| 题名: |
石破天惊
|
|
| 作者: | 马新华 编著 | |
| 分册: | ||
| 出版信息: | 北京 石油工业出版社 2024.10 |
|
| 页数: | 295页 | |
| 开本: | 23cm | |
| 丛书名: | 话说石油 | |
| 单 册: | ||
| 中图分类: | TE34-49 | |
| 科图分类: | ||
| 主题词: | 油田开发--you tian kai fa--普及读物 | |
| 电子资源: | ||
| ISBN: | 978-7-5183-7041-2 | |
| 000 | 01146nam 2200289 450 | |
| 001 | 95460 | |
| 005 | 20250902131735.01 | |
| 010 | @a978-7-5183-7041-2@dCNY70.00 | |
| 100 | @a20250113d2024 em y0chiy50 ea | |
| 101 | 0 | @achi |
| 102 | @aCN@b110000 | |
| 105 | @aa a 000yy | |
| 106 | @ar | |
| 200 | 1 | @a石破天惊@Ashi po tian jing@e世界特大油气发现@f马新华 ... 等编著 |
| 210 | @a北京@c石油工业出版社@d2024.10 | |
| 215 | @a295页@c图 (部分彩图)@d23cm | |
| 225 | 2 | @a话说石油@Ahua shuo shi you |
| 304 | @a题名页题其余责任者: 文龙, 闫建文, 葛稚新等 | |
| 320 | @a有书目 (第294-295页) | |
| 330 | @a本书为《话说石油》分册四, 主要内容为介绍世界13大盆地/油田的发现过程, 内容侧重于”石破天惊”的”破”, 而不是开采, 着重于发现的过程, 体现发现过程的不易。通过地理和历史背景、发现历程、地质认识和独特技术、重大发现案例、主要贡献人物和开发规模及价值6部分展开编写。 | |
| 410 | 0 | @12001 @a话说石油 |
| 517 | 1 | @a世界特大油气发现@Ashi jie te da you qi fa xian |
| 606 | 0 | @a油田开发@Ayou tian kai fa@j普及读物 |
| 690 | @aTE34-49@v5 | |
| 701 | 0 | @a马新华@Ama xin hua@4编著 |
| 801 | 0 | @aCN@c20250909 |
| 905 | @a河南城建学院图书馆@dTE34-49@eM191@f1 | |
| 石破天惊:世界特大油气发现/马新华 ... 等编著.-北京:石油工业出版社,2024.10 |
| 295页:图 (部分彩图);23cm.-(话说石油) |
| ISBN 978-7-5183-7041-2:CNY70.00 |
| 本书为《话说石油》分册四, 主要内容为介绍世界13大盆地/油田的发现过程, 内容侧重于”石破天惊”的”破”, 而不是开采, 着重于发现的过程, 体现发现过程的不易。通过地理和历史背景、发现历程、地质认识和独特技术、重大发现案例、主要贡献人物和开发规模及价值6部分展开编写。 |
| ● |
| 相关链接 |
|
|
|
正题名:石破天惊
索取号:TE34-49/M191
 
预约/预借
| 序号 | 登录号 | 条形码 | 馆藏地/架位号 | 状态 | 备注 |
| 1 | 1629518 | 216295186 | 自科库501/501自科库 22排2列3层/ [索取号:TE34-49/M191] | 在馆 |